Elements of electromagnetics /

Podrobná bibliografie
Hlavní autor: Sadiku, Matthew N. O. (Autor)
Médium: Kniha
Jazyk:English
Vydáno: New York : Oxford University Press, 2018.
Vydání:Seventh edition.
Edice:The Oxford series in electrical and computer engineering
Témata:
Classic Catalogue: View this record in Classic Catalogue
LEADER 03205nam a2200385 i 4500
001 44257
003 BD-DhAAL
005 20250410102501.0
008 170928s2018 nyua 001 0 eng
010 |a  2017046497 
020 |a 9780190698614 (hardcover) 
020 |a 9780190698676 (looseleaf) 
040 |a DLC  |b eng  |c DLC  |e rda  |d DLC  |d BD-DhAAL 
042 |a pcc 
050 0 0 |a QC760  |b .S23 2018 
082 0 0 |a 537  |2 23 
100 1 |a Sadiku, Matthew N. O.,  |e author. 
245 1 0 |a Elements of electromagnetics /  |c Matthew N.O. Sadiku, Prairie View A&M University. 
250 |a Seventh edition. 
264 1 |a New York :  |b Oxford University Press,  |c 2018. 
300 |a xviii, 895 pages :  |b illustrations (some color) ;  |c 25 cm. 
490 0 |a The Oxford series in electrical and computer engineering 
500 |a Includes index. 
505 |a Vector algebra Coordinate systems and transformation Vector calculus Electrostatic fields Electric fields in material space Electrostatic boundary value problems Magnetostatic fields Magnetic forces, materials, and devices Maxwell's equations Electromagnetic wave propagation Transmission lines Waveguides Antennas Numerical methods 
526 |a EEE  |x Md. Mehedi Hasan Shawon Lecturer Department of Mathematics and Natural Sciences Course name and no.: Electromagnetic Waves and Fields(EEE241)  
541 |a Karim International  |e 44257, 44258, 44259, 44260, 44261 
650 0 |a Electromagnetism.  |9 49270 
830 |a The Oxford series in electrical and computer engineering  |9 58009 
942 |2 ddc  |c BK 
999 |c 47229  |d 47229 
952 |0 0  |1 0  |2 ddc  |4 0  |6 537_000000000000000_SAD  |7 0  |9 77569  |a BRACUL  |b BRACUL  |c GEN  |d 2025-03-25  |e Karim International  |g 30400.00  |l 3  |m 35  |o 537 SAD  |p 3010044260  |r 2026-02-01  |s 2025-10-20  |t 4  |v 30400.00  |w 2025-03-25  |y BK  |x Requisitioned by Md. Mehedi Hasan Shawon for the course named Electromagnetic Waves and Fields ‘’(EEE241)’’ 
952 |0 0  |1 0  |2 ddc  |4 0  |6 537_000000000000000_SAD  |7 0  |9 77570  |a BRACUL  |b BRACUL  |c GEN  |d 2025-03-25  |e Karim International  |g 30400.00  |l 4  |m 24  |o 537 SAD  |p 3010044261  |r 2026-01-12  |s 2025-11-18  |t 5  |v 30400.00  |w 2025-03-25  |y BK  |x Requisitioned by Md. Mehedi Hasan Shawon for the course named Electromagnetic Waves and Fields ‘’(EEE241)’’ 
952 |0 0  |1 0  |2 ddc  |4 0  |6 537_000000000000000_SAD  |7 0  |9 77571  |a BRACUL  |b BRACUL  |c GEN  |d 2025-03-25  |e Karim International  |g 30400.00  |l 2  |m 12  |o 537 SAD  |p 3010044259  |r 2026-02-01  |s 2025-10-09  |t 3  |v 30400.00  |w 2025-03-25  |y BK  |x Requisitioned by Md. Mehedi Hasan Shawon for the course named Electromagnetic Waves and Fields ‘’(EEE241)’’ 
952 |0 0  |1 0  |2 ddc  |4 0  |6 537_000000000000000_SAD  |7 0  |9 77572  |a BRACUL  |b BRACUL  |c GEN  |d 2025-03-25  |e Karim International  |g 30400.00  |l 3  |m 36  |o 537 SAD  |p 3010044258  |r 2026-04-05  |s 2025-11-04  |t 2  |v 30400.00  |w 2025-03-25  |y BK  |x Requisitioned by Md. Mehedi Hasan Shawon for the course named Electromagnetic Waves and Fields ‘’(EEE241)’’ 
952 |0 0  |1 0  |2 ddc  |4 0  |6 537_000000000000000_SAD  |7 0  |9 77573  |a BRACUL  |b BRACUL  |c GEN  |d 2025-03-25  |e Karim International  |g 30400.00  |l 3  |m 24  |o 537 SAD  |p 3010044257  |q 2026-05-12  |r 2026-04-01  |s 2026-04-01  |t 1  |v 30400.00  |w 2025-03-25  |y BK  |x Requisitioned by Md. Mehedi Hasan Shawon for the course named Electromagnetic Waves and Fields ‘’(EEE241)’’